000 00576nam a22002057a 4500
003 OSt
005 20140310183042.0
008 130222t xxu||||| |||| 00| 0 eng d
020 _a9710843745
050 _aPL 6061
_b.S235 1989
082 _aFIL 899.211
_bSa5 1989
245 _aPanitikang Filipino : kasaysayan at pag-unlad pangkolehiyo
_cSantiago, Erlinda M.
260 _aMetro Manila
_bNational Book Store
_c1989
300 _a 306 p.
_c 23 cm.
521 _aCollege Students
526 _c1210L-1700L
541 _j1
562 _e1
942 _2lcc
_cBK
_kFIL
999 _c18542
_d18542